| 000 | 00834nam a22002417a 4500 | ||
|---|---|---|---|
| 001 | 5855 | ||
| 003 | FISKH | ||
| 005 | 20250530144006.0 | ||
| 008 | 250124b cb ||||| |||| 00| 0 eng d | ||
| 020 | _a9780590489577 | ||
| 040 |
_aFISKH _beng _cFISKH _dFISKH |
||
| 050 | _aQE523.S23 | ||
| 082 | _a551.2 | ||
| 100 | _aLauber, Patricia | ||
| 245 |
_aVolcano : _bThe eruption and healing of Mount St. Helens / _cby Patricia Lauber |
||
| 260 |
_aNew York : _bScholastic , _c1986 . |
||
| 300 |
_a60 pages : _bcolor illustrations ; _c27 cm . |
||
| 520 | _aAn account of how and why Mount St. Helens erupted in May 1980 and the destruction it caused, and a discussion of the return of life to that area. | ||
| 650 |
_aearth science _vnon-fiction |
||
| 700 |
_aFrezzolini, Sylvia _eBook designer |
||
| 942 |
_2ddc _cBK _n0 |
||
| 999 |
_c5855 _d5855 |
||